000 nam a22 a 4500
999 _c2032
_d2032
003 AKMAL
005 20170515091822.0
008 170515s1993 my f00 eng d
020 _a9679933172:
_cRM 40.00
039 9 _a201204301309
_bw_saiful
_c200904280834
_danisatul
040 _aAKMAL
_cAKMAL
043 _aa-my---
049 _amal
082 0 4 _a354.595 AHM
090 _a354.595
_bAHM
090 _a354.595
_bAHM
100 _aAhmad Sarji Abdul Hamid,
_cTan Sri Dato' Seri,
_d1938-
_9508
245 1 0 _aPenerapan nilai dan budaya kerja cemerlang dalam pentadbiran awam Malaysia = Inculcating values and excellent work culture in the public administration of Malaysia /
_cselected speeches of Tan Sri Dato' Seri Ahmad Sarji bin Abdul Hamid, Chief Secretary to the Government Malaysia ; prakata, preface,Tan Sri Dato' Mahmud Taib, Ketua Pengarah Perkhidmatan Awam Malaysia
260 _aKuala Lumpur :
_bInstitut Tadbiran Awam Negara,
_c1993
300 _axiii, 555p. ;
_c21cm
650 _aCivil service ethics
_zMalaysia
_9416
650 _aPublic administration
_xMoral and ethical aspects
_zMalaysia
_94163
650 _aGovernment executives
_zMalaysia
_94187
650 _aCivil service
_xLabour productivity
_zMalaysia
_94205
710 2 _aMalaysia.
_bInstitut Tadbiran Awam Negara
_94206
942 _2ddc
_cBOOK